000 00656nam a22002177a 4500
003 DO-SdBNP
005 20211110090338.0
007 ta
008 211110b2021 pr ||||| |||| 00| 0 eng d
020 _a9789945624137
040 _aDO-SdBNP
_bspa
_cBNPHU
082 4 _222
100 1 _aCotto, Cristina
_980555
245 1 0 _aUn camino llamado obediencia /
_cCristina Cotto
260 _aPuerto Rico :
_bMinisterio Internacional Restaurador por su Misericordia,
_c2021.
300 _a112 p. ;
_c21 cm.
500 _aIncluye datos biográficos de la autora en la contracubierta
590 _aInvenariado, 2021/BT
910 _aBtavárez
942 _2ddc
_cLBS1
999 _c50904
_d50904